Statistics for Peninsulas of Europe

Click here to take the quiz!

General Stats

  • This quiz has been taken 133 times
    (120 since last reset)
  • The average score is 7 of 15

Answer Stats

HintPeninsula% Correct
Located in the extreme southwest of EuropeIberian
88%
The largest peninsula in Europe, accomodating 4 modern day countriesScandinavian
86%
Extends into the Mediterranean, contains the smallest countryItalian
81%
The foundations of modern Western culture developed in the south of this peninsulaBalkan
78%
Experienced a crisis in 2014, now disputed and absorbed into the Russian FederationCrimean
72%
Peninsula consists of one country, the capital of which is CopenhagenDenmark
62%
An overseas territory of the United KingdomGibraltar
49%
Sometimes considered to be a larger peninsula extending off EurasiaEuropean
43%
Northernmost peninsula of European RussiaKola
36%
Was a peninsula in southern Greece until seperated by the Corinth CanalThe Peloponnese
22%
Also a mountain, infamous for banning womenMount Athos
20%
Bordered by the Aegean Sea to the west and the Dardanelle straits to the eastGallipoli
11%
Large peninsula in north WalesLlyn
10%
In Shakespeare's Macbeth, Macduff is the Thane of this peninsulaFife
6%
Small peninsula in southwestern Crimea, named after a divine hero in Greek mythologyHeracles
6%

Score Distribution

Percentile by Number Answered

Percent of People with Each Score

Your Score History

You have not taken this quiz since the last reset